000 01711nam a2200445Ia 4500
001 ebr10575815
003 CaPaEBR
006 m u
007 cr cn|||||||||
008 051212s2006 nyu sb s001 0 eng d
010 _z 2005036235
020 _z0791468933 (hardcover : alk. paper)
020 _z0791468941 (pbk. : alk. paper)
020 _z9780791468937
020 _z9780791481066
020 _z9780791468944
040 _aCaPaEBR
_cCaPaEBR
035 _a(OCoLC)85861938
050 1 4 _aHQ75.15
_b.B74 2006eb
082 0 4 _a306.84/8089924
_222
100 1 _aBrettschneider, Marla.
245 1 4 _aThe family flamboyant
_h[electronic resource] :
_brace politics, queer families, Jewish lives /
_cMarla Brettschneider.
260 _aAlbany :
_bState University of New York Press,
_cc2006.
300 _axii, 232 p.
490 1 _aSUNY series in feminist criticism and theory
504 _aIncludes bibliographical references (p. 185-213) and index.
533 _aElectronic reproduction.
_bPalo Alto, Calif. :
_cebrary,
_d2013.
_nAvailable via World Wide Web.
_nAccess may be limited to ebrary affiliated libraries.
650 0 _aGay and lesbian studies.
650 0 _aJewish lesbians
_xFamily relationships.
650 0 _aJewish families.
650 0 _aMonogamous relationships.
650 0 _aJews
_xIdentity.
650 0 _aRace awareness.
650 0 _aGroup identity.
650 0 _aIdentity (Psychology)
655 7 _aElectronic books.
_2local
710 2 _aebrary, Inc.
830 0 _aSUNY series in feminist criticism and theory.
856 4 0 _uhttp://site.ebrary.com/lib/rucke/Doc?id=10575815
_zAn electronic book accessible through the World Wide Web; click to view
999 _c78361
_d78361